Les 20 plus gros transferts de Marseille - Départ - Statistiques

Statistiques générales
  • Ce quiz a été pris 60 fois
  • Le résultat moyen est 13 sur 20
Statistiques - réponses
Club Saison Valeurs nom % Correct
2 Chelsea 04/05 38.5 M Didier Drogba
94%
17 West Ham United 15/16 15 M Dimitri Payet
83%
3 Bayern Munich 07/08 30 M Franck Ribéry
83%
6 Inter Milan 25/26 23 M Luis Henrique
81%
18 Lazio Rome 24/25 13 M Mattéo Guendouzi
81%
19 Stade Rennais 25/26 13 M Quentin MErlin
81%
4 Francfort 24/25 26 M Elye Wahi
73%
9 Newcastle United 15/16 18.35 M Florian Thauvin
73%
15 Flamengo 22/23 15 M Gerson
67%
11 Arsenal 08/09 16 M Samir Nasri
65%
1 Chelsea 16/17 39 M Michy Batshuayi
62%
7 Al-Hilal 23/24 23 M Renan Lodi
60%
10 Everton 24/25 18 M Iliman Ndiaye
58%
14 Crystal Palace 24/25 15 M Ismaïla Sarr
56%
16 Séville 19/20 15 M Lucas Ocampos
56%
20 AS Monaco 16/17 13 M Benjamin Mendy
54%
13 Fenerbahce 23/24 15 M Cengiz Under
46%
5 Fulham 18/19 24.85 M Franck Anguissa
40%
8 Porto 15/16 20 M Giannelli Imbula
37%
12 Aston Villa 20/21 15.80 M Morgan Sanson
31%
Aucun quiz correspondant
Distribution des résultats
% des personnes avec chaque résultat
Percentile par nombre de réponses
Votre historique - résultats
Vous n’avez pas pris ce quiz